| Tag |
First Indicator |
Second Indicator |
Subfields |
| LEADER |
00000cam a2200000 a 4500 |
| 001 |
in00001794921 |
| 005 |
20151025182529.0 |
| 008 |
031104s2003 dcua b f000 0 eng c |
| 035 |
|
|
|a (OCoLC)ocm53343777
|
| 040 |
|
|
|a GPO
|c GPO
|d MvI
|d UtOrBLW
|
| 043 |
|
|
|a n-us---
|
| 049 |
|
|
|a UDOC
|
| 074 |
|
|
|a 0192
|
| 086 |
0 |
|
|a C 55.402:OI 5/5
|
| 245 |
0 |
0 |
|a Oil and sea turtles :
|b biology, planning, and response /
|c Gary Shigenaka, technical editor ; contributing authors, Sarah Milton [and others].
|
| 246 |
3 |
0 |
|a Biology, planning, and response
|
| 264 |
|
1 |
|a [Washington, D.C.?] :
|b National Oceanic and Atmospheric Administration, NOAA's National Ocean Service, Office of Response and Restoration,
|c [2003]
|
| 300 |
|
|
|a 111 pages :
|b illustrations (some color) ;
|c 22 cm.
|
| 336 |
|
|
|a text
|b txt
|2 rdacontent
|
| 337 |
|
|
|a unmediated
|b n
|2 rdamedia
|
| 338 |
|
|
|a volume
|b nc
|2 rdacarrier
|
| 500 |
|
|
|a Shipping list number: 2004-0018-P.
|
| 500 |
|
|
|a "August 2003."
|
| 504 |
|
|
|a Includes bibliographical references.
|
| 650 |
|
0 |
|a Sea turtles
|x Effect of oil spills on.
|
| 650 |
|
0 |
|a Turtles
|x Effect of oil spills on.
|
| 700 |
1 |
|
|a Shigenaka, Gary.
|
| 700 |
1 |
|
|a Milton, Sarah.
|
| 710 |
1 |
|
|a United States.
|b National Ocean Service.
|b Office of Response and Restoration.
|
| 999 |
|
|
|a MARS
|
| 999 |
f |
f |
|s 171664b9-a539-3a48-92f6-6748c2b19f39
|i b714023a-dd8f-3cd3-b1f3-8a84993bf058
|t 0
|
| 952 |
f |
f |
|p normal
|a Texas A&M University
|b College Station
|c Sterling C. Evans Library
|d Evans: US Documents (Annex 5th floor)
|t 0
|e C 55.402:OI 5/5
|h Superintendent of Documents classification
|i unmediated -- volume
|m A14831002113
|
| 998 |
f |
f |
|a C 55.402:OI 5/5
|t 0
|l Evans: US Documents (Annex 5th floor)
|